| 000 | 00809nam a2200193 i 4500 | ||
|---|---|---|---|
| 001 | 177572 | ||
| 003 | ES-MaACL | ||
| 005 | 20250603184102.0 | ||
| 008 | 110404s1884 sp |||| | spa d | ||
| 245 | 0 | 0 | _aComisión para el estudio de las cuestiones que interesan a la mejora o bienestar de las clases obreras, tanto agrícolas como industriales y que afectan a las relaciones entre el capital y el trabajo. |
| 260 |
_aMadrid : _b[s.n.], _c1884 ( _fImp. de José M. Ducazcal) |
||
| 300 |
_a32 p. ; _c20 cm. |
||
| 530 | _aDisponible en formato digital. | ||
| 651 | 4 |
_aEspaña- _xPolítica social- _yS.XIX _98443 |
|
| 852 |
_aES-MaACL _jT-367-F-9 |
||
| 852 |
_aES-MaACL _jT-693-F-3 |
||
| 856 |
_uhttp://bdh-rd.bne.es/viewer.vm?id=0000093263&page=1 _zBiblioteca Digital Hispánica |
||
| 999 |
_c177572 _d177572 |
||